000 00732nam a2200289Ia 4500
005 20260324133428.0
008 008 260324s9999 xx 000 0 eng d
020 _a9781315065021
037 _aEBOOK
040 _aCRL
040 _beng
040 _cCRL
041 _2eng
041 _aeng
084 _qCRL
100 _aJennie George; Margaret Hunt
_91193064
245 0 _aAppointing and Managing Learning Support Assistants
245 2 _bA Practical Guide for SENCOs and Other Managers
260 _bTaylor and Francis
260 _c2003
365 _a
365 _b180
856 _uhttp://www.taylorfrancis.com/books/9781315065021
942 _cEBOOK
999 _c1792075
_d1792075